MARC

LEADER 00000nam0a2200000 4500
001 320085
005 20231102003237.0
035 |a (RuTPU)RU\TPU\book\345608 
090 |a 320085 
100 |a 20160623d1974 k y0rusy50 ca 
101 0 |a rus 
102 |a RU 
105 |a y z 001zy 
200 1 |a Формирование нового человека  |e [сборник]  |f Н. Л. Лейзеров [и др.] 
210 |a Москва  |c Московский рабочий  |d 1974 
215 |a 184 с. 
320 |a Библиогр. в примеч. 
606 1 |a Коммунистическое воспитание  |2 stltpush  |3 (RuTPU)RU\TPU\subj\14935  |9 41255 
610 1 |a личность 
610 1 |a теория 
610 1 |a мировоззрение 
610 1 |a труд 
610 1 |a патриотизм 
610 1 |a мораль 
610 1 |a эстетическое воспитание 
610 1 |a концепции 
610 1 |a идейная борьба 
686 |a Ф61(2)503  |v LBC/SL-A  |2 rubbk 
701 1 |a Лейзеров  |b Н. Л.  |g Николай Леонидович 
701 1 |a Марков  |b В. С. 
701 1 |a Чернов  |b В. П. 
701 1 |a Никулин  |b А. И. 
701 1 |a Головко  |b Н. А. 
801 1 |a RU  |b 63413507  |c 20160623 
801 2 |a RU  |b 63413507  |c 20221024  |g RCR 
942 |c BK